Nebraska Counties by Population - Statistics

General Stats
  • This quiz has been taken 34 times
  • The average score is 28 of 93
Answer Stats
Population County % Correct
585,008 Douglas
93%
324,514 Lancaster
80%
193,418 Sarpy
60%
61,979 Hall
47%
50,339 Buffalo
40%
34,133 Lincoln
40%
15,930 Otoe
40%
31,027 Adams
33%
439 Arthur
33%
27,017 Cass
33%
21,241 Dakota
33%
23,898 Dawson
33%
37,103 Dodge
33%
21,616 Gage
33%
35,337 Madison
33%
379 McPherson
33%
34,241 Platte
33%
35,745 Scotts Bluff
33%
20,969 Washington
33%
6,279 Antelope
27%
692 Banner
27%
461 Blaine
27%
5,386 Boone
27%
10,604 Box Butte
27%
1,789 Boyd
27%
2,908 Brown
27%
6,709 Burt
27%
8,444 Butler
27%
8,330 Cedar
27%
3,826 Chase
27%
5,458 Cherry
27%
9,529 Cheyenne
27%
6,078 Clay
27%
10,498 Colfax
27%
8,984 Cuming
27%
10,460 Custer
27%
8,148 Dawes
27%
1,865 Deuel
27%
5,545 Dixon
27%
1,635 Dundy
27%
5,546 Fillmore
27%
2,903 Franklin
27%
2,555 Frontier
27%
4,604 Furnas
27%
1,847 Garden
27%
1,839 Garfield
27%
1,824 Gosper
27%
579 Grant
27%
2,169 Greeley
27%
9,386 Hamilton
27%
3,091 Harlan
27%
843 Hayes
27%
2,586 Hitchcock
27%
10,049 Holt
27%
734 Hooker
27%
6,531 Howard
27%
7,176 Jefferson
27%
5,316 Johnson
27%
6,674 Kearney
27%
8,279 Keith
27%
787 Keya Paha
27%
3,412 Kimball
27%
8,401 Knox
27%
687 Logan
27%
604 Loup
27%
7,665 Merrick
27%
4,574 Morrill
27%
3,390 Nance
27%
7,064 Nemaha
27%
4,060 Nuckolls
27%
2,548 Pawnee
27%
2,832 Perkins
27%
8,937 Phelps
27%
7,313 Pierce
27%
5,174 Polk
27%
10,623 Red Willow
27%
7,759 Richardson
27%
1,264 Rock
27%
14,192 Saline
27%
22,787 Saunders
27%
17,603 Seward
27%
5,095 Sheridan
27%
2,964 Sherman
27%
1,143 Sioux
27%
5,816 Stanton
27%
4,913 Thayer
27%
673 Thomas
27%
6,620 Thurston
27%
4,066 Valley
27%
9,784 Wayne
27%
3,411 Webster
27%
795 Wheeler
27%
14,244 York
27%
No matching quizzes found
Score Distribution
Percent of People with Each Score
Percentile by Number Answered
Your Score History
You have not taken this quiz